[Event "2. Bundesliga-West 2004/2005(8)"]
[Site "?"]
[Date "2005.01.23"]
[Round "?"]
[White "Dobosz, Henryk"]
[Black "Heinzel, Olaf"]
[Result "1/2-1/2"]
[WhiteElo "2442"]
[BlackElo "2402"]
[PlyCount "41"]
[EventDate "2005.01.23"]

1. Nf3 Nf6 2. c4 e6 3. d4 b6 4. e3 Bb7 5. Bd3 Be7 6. O-O d6 7. Nc3 Nbd7 8. e4
O-O 9. Qe2 c5 10. d5 e5 11. Ne1 Ne8 12. g3 a6 13. f4 exf4 14. gxf4 b5 15. Nf3
bxc4 16. Bxc4 Nc7 17. Bd2 Nb6 18. b3 Kh8 19. f5 Bf6 20. Rae1 Nb5 21. Qd3
1/2-1/2

[Event "2. Bundesliga-West 2004/2005(8)"]
[Site "?"]
[Date "2005.01.23"]
[Round "?"]
[White "Bayer, Bernhard"]
[Black "Eisenbeiser, Amadeus"]
[Result "1/2-1/2"]
[WhiteElo "2300"]
[BlackElo "2312"]
[PlyCount "48"]
[EventDate "2005.01.23"]

1. Nf3 d6 2. e4 g6 3. d4 Bg7 4. Bc4 a6 5. O-O e6 6. Re1 Nd7 7. Bf1 Ne7 8. c4
O-O 9. Nc3 b6 10. Rb1 c5 11. dxc5 dxc5 12. Bf4 e5 13. Be3 Nc6 14. Nd5 Bb7 15.
g3 Nd4 16. Bh3 Bxd5 17. cxd5 h6 18. b4 f5 19. exf5 Nxf5 20. bxc5 bxc5 21. d6
Nd4 22. Bxd4 cxd4 23. Bxd7 Qxd7 24. Nxe5 Qxd6 1/2-1/2

[Event "2. Bundesliga-West 2004/2005(8)"]
[Site "?"]
[Date "2005.01.23"]
[Round "?"]
[White "Schmidlechner, Alexander"]
[Black "Fuchs, Georg"]
[Result "0-1"]
[WhiteElo "2236"]
[BlackElo "2281"]
[PlyCount "76"]
[EventDate "2005.01.23"]

1. d4 d5 2. c4 c6 3. Nf3 Nf6 4. Nc3 e6 5. Bg5 Be7 6. e3 Ne4 7. Nxe4 dxe4 8.
Bxe7 Qxe7 9. Nd2 e5 10. d5 Bf5 11. g4 Bg6 12. h4 h5 13. Bg2 cxd5 14. cxd5 hxg4
15. Qxg4 Nd7 16. Rc1 Nc5 17. Kf1 Rh6 18. Qg5 f6 19. Qg4 Rd8 20. h5 Bh7 21. b4
f5 22. Qd1 Nd3 23. Qa4+ Kf8 24. Rc4 Nb2 25. Qc2 Nxc4 26. Qxc4 Qd6 27. Ke2 Qxd5
28. Qxd5 Rxd5 29. Rc1 Ra6 30. Rc2 Ra4 31. f3 exf3+ 32. Nxf3 f4 33. Rc8+ Ke7 34.
Nh4 Rxa2+ 35. Ke1 Rdd2 36. Rc7+ Kf6 37. Bxb7 Rh2 38. Rc6+ Ke7 0-1

[Event "2. Bundesliga-West 2004/2005(8)"]
[Site "?"]
[Date "2005.01.23"]
[Round "?"]
[White "Angerer, Helmut"]
[Black "Wallis, Anton"]
[Result "1/2-1/2"]
[WhiteElo "2195"]
[BlackElo "2220"]
[PlyCount "32"]
[EventDate "2005.01.23"]

1. b3 e5 2. Bb2 d6 3. e3 Nf6 4. d4 Nbd7 5. Nf3 e4 6. Nfd2 d5 7. c4 c6 8. Be2
Bd6 9. Ba3 Nf8 10. Bxd6 Qxd6 11. Nc3 Ne6 12. Qc2 O-O 13. c5 Qc7 14. b4 g6 15.
Nb3 Ng7 16. O-O-O Bg4 1/2-1/2

[Event "2. Bundesliga-West 2004/2005(8)"]
[Site "?"]
[Date "2005.01.23"]
[Round "?"]
[White "Lutzenberger, Reimund"]
[Black "Kondrak, Christof"]
[Result "1-0"]
[WhiteElo "2170"]
[BlackElo "2189"]
[PlyCount "91"]
[EventDate "2005.01.23"]

1. e4 c5 2. Nf3 Nc6 3. Nc3 e6 4. d4 cxd4 5. Nxd4 a6 6. Nxc6 bxc6 7. Bd3 d5 8.
Qe2 Ne7 9. O-O Ng6 10. exd5 cxd5 11. Nxd5 Qxd5 12. Be4 Qe5 13. Bc6+ Bd7 14.
Qxe5 Nxe5 15. Bxa8 Bc5 16. Be3 Bxe3 17. fxe3 Nc4 18. Rf4 Nxe3 19. Bb7 g5 20.
Re4 Nf5 21. Bxa6 Ke7 22. c3 h5 23. b4 Nd6 24. Re5 f6 25. Rc5 Ra8 26. Bd3 Ra3
27. Bc2 Nb7 28. Rc7 Nd6 29. Bb3 Kd8 30. Rc5 Ne4 31. Ra5 Rxa5 32. bxa5 Nxc3 33.
a6 Bb5 34. a7 Bc6 35. Bxe6 Nb5 36. Bf7 h4 37. Re1 Nxa7 38. Re6 f5 39. Rg6 Ke7
40. Bc4 Bd7 41. Rg7+ Kd6 42. Rxg5 Nc6 43. Bb5 h3 44. Rg6+ Kc5 45. Bxc6 Bxc6 46.
Rxc6+ 1-0

[Event "2. Bundesliga-West 2004/2005(8)"]
[Site "?"]
[Date "2005.01.23"]
[Round "?"]
[White "Reiter, Hannes"]
[Black "Kranz, Armin"]
[Result "0-1"]
[WhiteElo "1992"]
[BlackElo "2158"]
[PlyCount "66"]
[EventDate "2005.01.23"]

1. d4 Nf6 2. c4 e6 3. Nf3 b6 4. a3 Ba6 5. Qc2 Bb7 6. Nc3 c5 7. e4 cxd4 8. Nxd4
Bc5 9. Nb3 Nc6 10. Nxc5 bxc5 11. f3 O-O 12. Be3 Nd4 13. Qd1 e5 14. b4 d6 15.
Bd3 Ne8 16. O-O Nc7 17. Nd5 Nce6 18. Rb1 Qd7 19. f4 Bxd5 20. exd5 Nxf4 21. Bxf4
exf4 22. Rxf4 f5 23. Rf2 Rae8 24. Qd2 Qa4 25. bxc5 dxc5 26. Rb7 f4 27. h4 Qa6
28. Rd7 Qf6 29. Qa5 Qxh4 30. Qxa7 Qg3 31. Bf1 f3 32. Qxc5 Ne2+ 33. Bxe2 fxe2
0-1

[Event "2. Bundesliga-West 2004/2005(8)"]
[Site "?"]
[Date "2005.01.23"]
[Round "?"]
[White "Kelecevic, Nedeljko"]
[Black "Braun, Arik"]
[Result "0-1"]
[WhiteElo "2403"]
[BlackElo "2463"]
[PlyCount "132"]
[EventDate "2005.01.23"]

1. d4 d5 2. Nf3 Nf6 3. c4 c6 4. Nc3 a6 5. e3 e6 6. Bd3 Nbd7 7. O-O dxc4 8. Bxc4
b5 9. Be2 Bb7 10. b3 Be7 11. Bb2 O-O 12. Rc1 Qb6 13. a4 Rac8 14. Nd2 h6 15. Bf3
Rfd8 16. axb5 cxb5 17. Bxb7 Qxb7 18. Qf3 Qb6 19. Nde4 Rc7 20. Nxf6+ Nxf6 21.
Ne4 Nxe4 22. Qxe4 Rdc8 23. Rxc7 Qxc7 24. g3 Qc6 25. Qg4 Qd5 26. Qd1 Qe4 27. Qa1
Rc2 28. d5 Bf8 29. dxe6 Qxe6 30. Bd4 h5 31. h4 Qc6 32. Qd1 Qg6 33. Qf3 a5 34.
Qa8 Qe6 35. Qxa5 Qxb3 36. Qd8 Qd3 37. Qd5 b4 38. Qxh5 b3 39. Rd1 Qe4 40. Qb5
Qf3 41. Rf1 Bd6 42. Qg5 f6 43. Qg6 Ra2 44. h5 Ra5 45. Qe8+ Bf8 46. Qe6+ Kh7 47.
Qh3 Rxh5 48. Qg2 Qe2 49. g4 Rb5 50. f3 Qd3 51. Qb2 Bc5 52. Qb1 Qxb1 53. Rxb1
Bxd4 54. exd4 b2 55. Kf2 Kg6 56. Ke3 Kf7 57. Kd3 Ke6 58. Kc4 Rb8 59. d5+ Kd6
60. Kd4 Rb3 61. g5 fxg5 62. Kc4 Rb8 63. Kd4 Rb5 64. Kc4 Rc5+ 65. Kb4 Rc8 66.
Kb3 Rc7 0-1

[Event "2. Bundesliga-West 2004/2005(8)"]
[Site "?"]
[Date "2005.01.23"]
[Round "?"]
[White "Bezold, Michael"]
[Black "Weindl, Alfred"]
[Result "1-0"]
[WhiteElo "2532"]
[BlackElo "2326"]
[PlyCount "109"]
[EventDate "2005.01.23"]

1. e4 c5 2. Nf3 Nc6 3. Bb5 g6 4. Bxc6 dxc6 5. d3 Bg7 6. h3 Nf6 7. Nc3 Nd7 8.
Be3 e5 9. Qd2 Qe7 10. Bh6 f6 11. Bxg7 Qxg7 12. Qe3 Qe7 13. Nd2 Nf8 14. f4 exf4
15. Qxf4 Ne6 16. Qf2 O-O 17. Nf3 Qd6 18. Ne2 Bd7 19. O-O Rad8 20. Rad1 Bc8 21.
c3 b6 22. Rfe1 Nf4 23. d4 Nxe2+ 24. Rxe2 Qf4 25. Rde1 cxd4 26. cxd4 Rfe8 27.
Re3 Be6 28. b4 Bf7 29. Qc2 Qd6 30. a3 Rc8 31. Kh1 Rc7 32. e5 fxe5 33. dxe5 Qd5
34. Ng5 Be6 35. Ne4 Qxe5 36. Nc5 Qxe3 37. Rxe3 bxc5 38. Qxc5 Rce7 39. Qxc6 Bf7
40. Rxe7 Rxe7 41. Qc5 Kf8 42. a4 Bb3 43. a5 Bd1 44. b5 Be2 45. Qc8+ Kf7 46. b6
axb6 47. axb6 Bd3 48. b7 Ba6 49. b8=Q Bxc8 50. Qxc8 Kg7 51. Qc3+ Kg8 52. Kh2
Rf7 53. Kg3 h6 54. Qe5 Kh7 55. Kg4 1-0

[Event "2. Bundesliga-West 2004/2005(8)"]
[Site "?"]
[Date "2005.01.23"]
[Round "?"]
[White "Poettinger, Harald"]
[Black "Grabher, Heinz"]
[Result "0-1"]
[WhiteElo "2259"]
[BlackElo "2271"]
[PlyCount "84"]
[EventDate "2005.01.23"]

1. g3 e5 2. Bg2 d5 3. d3 Nf6 4. Nf3 Nc6 5. O-O Bc5 6. Nc3 d4 7. Nb1 Bg4 8. Bg5
h6 9. Bxf6 Qxf6 10. Nbd2 Qe6 11. c3 O-O 12. Re1 Rad8 13. Qc2 Bb6 14. Nc4 Rfe8
15. Nxb6 axb6 16. cxd4 exd4 17. a3 Rd5 18. b4 Bh3 19. Bh1 Re7 20. Qb2 Qd7 21.
Rac1 Bg4 22. Kf1 Qe8 23. b5 Ne5 24. Nxd4 Nxd3 25. Qd2 Bh3+ 26. Kg1 Rxd4 27.
exd3 Rxe1+ 28. Qxe1 Qxb5 29. Rxc7 Qxd3 30. Bxb7 Qxa3 31. Bg2 Bg4 32. Qe8+ Qf8
33. Qxf8+ Kxf8 34. h3 Be6 35. Rb7 Rb4 36. h4 g6 37. Bc6 Kg7 38. Kg2 Kf6 39. Kf3
Ke5 40. Ke3 Rb3+ 41. Kd2 Kd4 42. Kc2 Rc3+ 0-1

[Event "2. Bundesliga-West 2004/2005(8)"]
[Site "?"]
[Date "2005.01.23"]
[Round "?"]
[White "Atlas, Dmitry"]
[Black "Herbrechtsmeier, Christof"]
[Result "1/2-1/2"]
[WhiteElo "2297"]
[BlackElo "2290"]
[PlyCount "28"]
[EventDate "2005.01.23"]

1. e4 c5 2. c3 d5 3. exd5 Qxd5 4. d4 Nf6 5. Nf3 g6 6. Be2 Bg7 7. Be3 cxd4 8.
cxd4 O-O 9. Nc3 Qa5 10. O-O Nd5 11. Nxd5 Qxd5 12. Qd2 Nc6 13. Rfd1 Rd8 14. b3
Bg4 1/2-1/2

[Event "2. Bundesliga-West 2004/2005(8)"]
[Site "?"]
[Date "2005.01.23"]
[Round "?"]
[White "Mira, Helene"]
[Black "Tschohl, Christof"]
[Result "1-0"]
[WhiteElo "2184"]
[BlackElo "2143"]
[PlyCount "117"]
[EventDate "2005.01.23"]

1. Nf3 d5 2. d4 Nf6 3. c4 e6 4. e3 c5 5. cxd5 exd5 6. Bb5+ Bd7 7. Bxd7+ Nbxd7
8. Qa4 a6 9. dxc5 Bxc5 10. b4 b5 11. Qb3 Bd6 12. Bb2 Qe7 13. a3 O-O 14. O-O
Rac8 15. Nc3 Nb6 16. Rad1 Rfd8 17. Rd4 Rc4 18. Rfd1 Qc7 19. g3 Rc8 20. R4d3 Be7
21. Ne2 Ne4 22. Ned4 Bf6 23. Kg2 h6 24. Nd2 Qb7 25. f3 Nxd2 26. R3xd2 Na4 27.
Ba1 Nc3 28. Re1 g5 29. Nf5 Qc6 30. Nxh6+ Kh7 31. Ng4 Bg7 32. Qc2+ Ne4 33. Qd3
f5 34. fxe4 fxg4 35. exd5+ Qg6 36. Qxg6+ Kxg6 37. Bxg7 Kxg7 38. e4 Rc2 39. Ree2
Rxd2 40. Rxd2 Kf6 41. Kf2 Ke5 42. Ke3 Kd6 43. Kd3 Rc1 44. Rc2 Rd1+ 45. Ke2 Rd4
46. Rc6+ Kd7 47. Ke3 Rd1 48. Rxa6 Rh1 49. Rh6 Ra1 50. Kd4 Rxa3 51. e5 Ra2 52.
Rh7+ Kd8 53. Kc5 Rd2 54. e6 Rc2+ 55. Kxb5 Rd2 56. Kc6 Rc2+ 57. Kd6 Kc8 58. e7
Re2 59. Rh8+ 1-0

[Event "2. Bundesliga-West 2004/2005(8)"]
[Site "?"]
[Date "2005.01.23"]
[Round "?"]
[White "Sandholzer, Robert"]
[Black "Heilinger, Dietmar"]
[Result "1/2-1/2"]
[WhiteElo "2097"]
[BlackElo "2167"]
[PlyCount "90"]
[EventDate "2005.01.23"]

1. e4 e6 2. d4 d5 3. Nc3 dxe4 4. Nxe4 Nd7 5. Nf3 Ngf6 6. Nxf6+ Nxf6 7. Bd3 c5
8. dxc5 Bxc5 9. O-O O-O 10. Bg5 b6 11. Qe2 Bb7 12. Rad1 Qc7 13. Ne5 Rfd8 14.
Rfe1 h6 15. Bxf6 gxf6 16. Qg4+ Kf8 17. Nf3 Bxf3 18. Qxf3 Bd4 19. c3 Be5 20. Qh5
Ke7 21. g3 Rh8 22. Bb5 Rad8 23. Ba4 f5 24. Rxd8 Rxd8 25. Qxh6 f4 26. Rd1 fxg3
27. hxg3 Rxd1+ 28. Bxd1 Qd6 29. Qh5 Bf6 30. Qe2 a5 31. Bc2 Be5 32. Qd3 Qxd3 33.
Bxd3 Kd6 34. Kg2 Kc5 35. Kf3 b5 36. Bh7 f5 37. Bg8 Kd5 38. Ke3 Bd6 39. Kd3 Bc5
40. f3 Bd6 41. g4 fxg4 42. fxg4 Be7 43. b3 b4 44. c4+ Ke5 45. Ke3 Bg5+ 1/2-1/2

[Event "2. Bundesliga-West 2004/2005(8)"]
[Site "?"]
[Date "2005.01.23"]
[Round "?"]
[White "Mathe, Gaspar"]
[Black "Ginsburg, Gennadij"]
[Result "0-1"]
[WhiteElo "2357"]
[BlackElo "2473"]
[PlyCount "112"]
[EventDate "2005.01.23"]

1. d4 d5 2. Nf3 Nf6 3. Bf4 c5 4. c3 Qb6 5. Qb3 c4 6. Qxb6 axb6 7. Nbd2 b5 8. a3
h6 9. e3 Bf5 10. Be2 Nbd7 11. Bc7 e6 12. O-O Be7 13. Ne5 O-O 14. Nxd7 Nxd7 15.
f3 Rfc8 16. Bg3 Nb6 17. e4 Bh7 18. Bf4 Na4 19. Rfb1 g5 20. Bg3 f5 21. Bd1 f4
22. Bf2 Kf7 23. h3 h5 24. Kf1 Rg8 25. Ke2 Rg7 26. Bc2 Rag8 27. g4 Bg6 28. gxh5
Bxh5 29. Bxa4 bxa4 30. Rg1 Rh8 31. Rh1 Rgh7 32. Rag1 Bf6 33. Rh2 b5 34. Rhg2
Bg6 35. h4 dxe4 36. Nxe4 Bxe4 37. fxe4 gxh4 38. Kf3 h3 39. Rh2 Rh5 40. e5 Bg5
41. Ke4 Kg6 42. Be1 Rf8 43. Kf3 Kf5 44. Rg4 Rfh8 45. Bf2 Rg8 46. Be1 b4 47.
axb4 a3 48. bxa3 Ra8 49. Rg1 Rxa3 50. Rgh1 Ra1 51. b5 Rb1 52. Bd2 Rxb5 53. Ra1
Rb8 54. Ra7 Rb1 55. Rf7+ Kg6 56. Rf8 Rg1 0-1

[Event "2. Bundesliga-West 2004/2005(8)"]
[Site "?"]
[Date "2005.01.23"]
[Round "?"]
[White "Hugentobler, Patrik"]
[Black "Webersberger, Johann"]
[Result "1/2-1/2"]
[WhiteElo "2237"]
[BlackElo "2233"]
[PlyCount "34"]
[EventDate "2005.01.23"]

1. e4 e5 2. Nf3 Nc6 3. Bb5 a6 4. Bxc6 bxc6 5. d4 exd4 6. Qxd4 d6 7. O-O f6 8.
Nc3 Ne7 9. Bf4 Ng6 10. Bg3 Be7 11. Qc4 c5 12. Rad1 Rb8 13. e5 fxe5 14. Nxe5
Nxe5 15. Bxe5 Rb4 16. Qe2 O-O 17. Nd5 Rg4 1/2-1/2

[Event "2. Bundesliga-West 2004/2005(8)"]
[Site "?"]
[Date "2005.01.23"]
[Round "?"]
[White "Ager, Josef"]
[Black "Doskocil, Klaus"]
[Result "1/2-1/2"]
[WhiteElo "2228"]
[BlackElo "2223"]
[PlyCount "35"]
[EventDate "2005.01.23"]

1. Nf3 g6 2. d4 Bg7 3. c4 d6 4. Nc3 Nd7 5. e4 e5 6. Be2 Ne7 7. O-O O-O 8. Rb1
f5 9. dxe5 Nxe5 10. Re1 fxe4 11. Nxe5 Bxe5 12. Nxe4 Bf5 13. Bd3 Nc6 14. Bg5 Qd7
15. Ng3 Bxg3 16. hxg3 Ne5 17. Bxf5 Qxf5 18. Qd5+ 1/2-1/2

[Event "2. Bundesliga-West 2004/2005(8)"]
[Site "?"]
[Date "2005.01.23"]
[Round "?"]
[White "Hackbarth, Wolfgang"]
[Black "Mrsic, Robert"]
[Result "1/2-1/2"]
[WhiteElo "2141"]
[BlackElo "2074"]
[PlyCount "55"]
[EventDate "2005.01.23"]

1. c4 e5 2. Nc3 Nf6 3. g3 d5 4. cxd5 Nxd5 5. Bg2 Nb6 6. Nf3 Nc6 7. d3 Be7 8.
O-O O-O 9. Be3 Be6 10. Na4 f6 11. Nc5 Bxc5 12. Bxc5 Rf7 13. b4 Nd7 14. Qc2 Nxc5
15. Qxc5 Qd5 16. Qc3 Qd6 17. a3 Bd5 18. Rfc1 Bxf3 19. Bxf3 Nd4 20. Kg2 Nxf3 21.
Kxf3 Qd5+ 22. e4 Qd7 23. Kg2 Rd8 24. Rd1 Qd4 25. Qxd4 Rxd4 26. Rac1 c6 27. Rc3
Rfd7 28. Kf3 1/2-1/2

[Event "2. Bundesliga-West 2004/2005(8)"]
[Site "?"]
[Date "2005.01.23"]
[Round "?"]
[White "Froewis, Georg"]
[Black "Maierhofer, Johann"]
[Result "0-1"]
[WhiteElo "1830"]
[BlackElo "2136"]
[PlyCount "118"]
[EventDate "2005.01.23"]

1. Nf3 g6 2. e4 Bg7 3. d4 Nf6 4. e5 Nd5 5. c4 Nb6 6. Nc3 d6 7. c5 dxc5 8. dxc5
Qxd1+ 9. Kxd1 N6d7 10. Nd5 Kd8 11. e6 fxe6 12. Ng5 Nxc5 13. Nf7+ Ke8 14. Nxc7+
Kxf7 15. Nxa8 Bd7 16. Rb1 Nba6 17. b4 Ne4 18. Bxa6 bxa6 19. Bb2 Rxa8 20. Bxg7
Kxg7 21. Ke1 Rc8 22. f3 Nc3 23. Rb2 Nxa2 24. Kd2 Nc3 25. Ra1 Nd5 26. Rxa6 Rc7
27. Rba2 Nxb4 28. Rxa7 Rxa7 29. Rxa7 Be8 30. Rxe7+ Bf7 31. Rb7 Nd5 32. g3 Kf6
33. Kd3 h6 34. Rb8 Ne7 35. Rb7 g5 36. Rb6 Bg6+ 37. Kd4 Bc2 38. Rb2 Bd1 39. Ke3
h5 40. Rd2 Bb3 41. Rb2 Bc4 42. Kd4 Bd5 43. Ke3 Ng6 44. Rb4 Ne5 45. Rb8 Nxf3 46.
h3 h4 47. Rf8+ Ke5 48. gxh4 Nxh4 49. Rg8 Nf5+ 50. Kf2 Kf4 51. Rd8 Be4 52. Rf8
e5 53. Rb8 Bd3 54. Ke1 Ke3 55. Rg8 Nd4 56. Kd1 Nf3 57. Rg7 e4 58. Rf7 Bf1 59.
Rh7 Kf2 0-1

[Event "2. Bundesliga-West 2004/2005(8)"]
[Site "?"]
[Date "2005.01.23"]
[Round "?"]
[White "Luther, Thomas"]
[Black "Panteleev, Petar"]
[Result "1/2-1/2"]
[WhiteElo "2543"]
[BlackElo "2295"]
[PlyCount "109"]
[EventDate "2005.01.23"]

1. e4 e5 2. Nf3 Nc6 3. Bb5 Nf6 4. O-O Nxe4 5. d4 Nd6 6. Bxc6 dxc6 7. dxe5 Nf5
8. Qxd8+ Kxd8 9. Nc3 Bd7 10. h3 h6 11. Ne4 b6 12. g4 Ne7 13. Ng3 c5 14. Nh5 Bc6
15. Rd1+ Kc8 16. Ne1 g6 17. Nf6 h5 18. f3 hxg4 19. hxg4 Bg7 20. Bg5 Kb7 21. Rd2
Rh3 22. Kg2 Rah8 23. Rad1 Ng8 24. Nd3 Bh6 25. Bxh6 Nxf6 26. exf6 R3xh6 27. Ne5
g5 28. Nxf7 Rxf6 29. Ne5 Re8 30. Nxc6 Kxc6 31. Rh1 Re3 32. Rh3 b5 33. Kf2 Re4
34. Kg2 Re3 35. Rf2 Rf4 36. Rh6+ Kb7 37. Rg6 Re5 38. Rd2 Rd4 39. Rf2 Rf4 40.
Rg7 a5 41. Kg3 Ra4 42. a3 b4 43. Rh2 c4 44. axb4 axb4 45. c3 Kb6 46. Rg6+ Kb5
47. Rh5 c5 48. Rh8 Ra5 49. Rb8+ Ka4 50. Rgb6 bxc3 51. bxc3 Re3 52. Rg6 Rxc3 53.
Rxg5 Rb3 54. Rc8 Rbb5 55. Rh5 1/2-1/2

[Event "2. Bundesliga-West 2004/2005(8)"]
[Site "?"]
[Date "2005.01.23"]
[Round "?"]
[White "Peterwagner, Heinz"]
[Black "Salvermoser, Bernd"]
[Result "1/2-1/2"]
[WhiteElo "2214"]
[BlackElo "2229"]
[PlyCount "148"]
[EventDate "2005.01.23"]

1. e4 c5 2. Nc3 d6 3. g3 Nc6 4. Bg2 g6 5. Nge2 Bg7 6. O-O e5 7. d3 Nge7 8. Be3
O-O 9. Qd2 Nd4 10. Nd1 f5 11. f4 fxe4 12. dxe4 Nxe2+ 13. Qxe2 exf4 14. Bxf4 Be6
15. c3 Nc6 16. Qd2 Ne5 17. Ne3 g5 18. Bxe5 Bxe5 19. Nd5 h6 20. Rxf8+ Kxf8 21.
Rf1+ Kg7 22. a3 Rc8 23. Ne3 Rc7 24. Nd5 Rd7 25. Qe2 Rf7 26. Rxf7+ Bxf7 27. Qg4
Qe8 28. Bh3 Bg6 29. Bg2 Qd8 30. Qe2 h5 31. Bf3 g4 32. Bg2 Qg5 33. Ne3 Bf7 34.
Nf5+ Kf6 35. Qe3 Qxe3+ 36. Nxe3 Be6 37. Kf2 Kg5 38. Bf1 Bd7 39. Nc4 Kf6 40. Bd3
Ba4 41. Ke3 Ke6 42. Nxe5 Kxe5 43. Bf1 Bc6 44. Bg2 b6 45. Bh1 d5 46. exd5 Bxd5
47. Bxd5 Kxd5 48. b3 b5 49. Kf4 a5 50. Kg5 c4 51. b4 axb4 52. axb4 Ke4 53. Kxh5
Kd3 54. Kxg4 Kxc3 55. h4 Kxb4 56. h5 c3 57. h6 c2 58. h7 c1=Q 59. h8=Q Kb3 60.
Kf5 Qc5+ 61. Kf4 Qc4+ 62. Kf5 Qd3+ 63. Kf4 b4 64. g4 Qc4+ 65. Kf5 Qd5+ 66. Kf4
Qc4+ 67. Kf5 Qc3 68. Qb8 Ka2 69. Qa7+ Kb2 70. g5 Qf3+ 71. Ke5 Qg3+ 72. Kf5 Qd3+
73. Kf6 Qd6+ 74. Kf5 Qd5+ 1/2-1/2

[Event "2. Bundesliga-West 2004/2005(8)"]
[Site "?"]
[Date "2005.01.23"]
[Round "?"]
[White "Duer, Werner"]
[Black "Mroz, Thomas"]
[Result "1/2-1/2"]
[WhiteElo "2264"]
[BlackElo "2105"]
[PlyCount "36"]
[EventDate "2005.01.23"]

1. d4 d5 2. Nf3 Nf6 3. c4 e6 4. Nc3 Be7 5. Bg5 O-O 6. e3 h6 7. Bh4 Ne4 8. Bxe7
Qxe7 9. Rc1 Nxc3 10. Rxc3 c6 11. Bd3 Nd7 12. O-O e5 13. dxe5 dxc4 14. Bxc4 Nxe5
15. Nxe5 Qxe5 16. f4 Qe4 17. Qe2 Rd8 18. Bd3 Bg4 1/2-1/2

[Event "2. Bundesliga-West 2004/2005(8)"]
[Site "?"]
[Date "2005.01.23"]
[Round "?"]
[White "Hamberger, Hermann"]
[Black "Lawitsch, Guenther"]
[Result "0-1"]
[WhiteElo "2162"]
[BlackElo "2232"]
[PlyCount "56"]
[EventDate "2005.01.23"]

1. e4 e5 2. Nf3 Nf6 3. Bc4 Nxe4 4. Nc3 Nf6 5. Nxe5 d5 6. Bb3 Be7 7. d4 O-O 8.
O-O c6 9. f4 Bb4 10. Ne2 Ne4 11. f5 Nd7 12. Ng4 Re8 13. Nf4 Ndf6 14. Nd3 Nxg4
15. Qxg4 Bd2 16. Ne5 Bxc1 17. Raxc1 Rxe5 18. dxe5 Qb6+ 19. Kh1 Nf2+ 20. Rxf2
Qxf2 21. Qg5 Bxf5 22. Qe7 Be4 23. Rg1 h6 24. Qxb7 Re8 25. c4 Re6 26. cxd5 Rg6
27. Qc8+ Kh7 28. Qh3 cxd5 0-1

[Event "2. Bundesliga-West 2004/2005(8)"]
[Site "?"]
[Date "2005.01.23"]
[Round "?"]
[White "Baerner, Helmut"]
[Black "Marchhart, Matthias"]
[Result "0-1"]
[WhiteElo "2143"]
[BlackElo "2162"]
[PlyCount "134"]
[EventDate "2005.01.23"]

1. d4 Nf6 2. f4 g6 3. Nf3 Bg7 4. e3 d6 5. Be2 Nbd7 6. O-O O-O 7. Bd2 c5 8. c3
Ne4 9. Be1 Ndf6 10. Nbd2 Nxd2 11. Nxd2 Nd5 12. Bf2 cxd4 13. cxd4 Bd7 14. Qb3
Nb6 15. Bf3 d5 16. a4 Bc6 17. a5 Nc8 18. Rfc1 e6 19. a6 Nb6 20. Be2 Qe7 21. Nf3
Rfc8 22. Be1 Bf8 23. Ne5 Ba4 24. Qa2 f6 25. b3 fxe5 26. bxa4 exd4 27. axb7 Qxb7
28. exd4 Rxc1 29. Rxc1 Rc8 30. Rc2 Bg7 31. Bf2 Nd7 32. Bg4 Kf7 33. g3 h5 34.
Bf3 Bf6 35. a5 Nb8 36. f5 gxf5 37. Bxh5+ Kg7 38. Rxc8 Qxc8 39. Qb1 Nc6 40. g4
Nxd4 41. gxf5 exf5 42. Kh1 Kh6 43. Bf7 Qd7 44. Qg1 Qxf7 45. Bxd4 Bxd4 46. Qxd4
a6 47. h4 Qe6 48. Qb6 Qg6 49. Qd8 Kh5 50. Qxd5 Kxh4 51. Qd3 Qh5 52. Kg2 Qg4+
53. Kf2 Qf4+ 54. Ke2 Qe5+ 55. Kf2 Qh2+ 56. Kf1 Qh3+ 57. Qxh3+ Kxh3 58. Kf2 Kg4
59. Kg2 Kf4 60. Kf2 Ke4 61. Ke2 Kd4 62. Kf3 Kc5 63. Kf4 Kb5 64. Kxf5 Kxa5 65.
Ke4 Kb4 66. Kd3 Kb3 67. Kd2 Kb2 0-1

[Event "2. Bundesliga West 2004/2005"]
[Site "?"]
[Date "2005.03.04"]
[Round "9"]
[White "Grabher, Heinz"]
[Black "Bensch, Patrick"]
[Result "1/2-1/2"]
[WhiteElo "2271"]
[BlackElo "2295"]
[PlyCount "175"]
[EventDate "2005.03.05"]
[SourceDate "2005.03.05"]

1. e4 c5 2. Nf3 Nc6 3. d4 cxd4 4. Nxd4 Nf6 5. Nc3 e5 6. Ndb5 d6 7. Bg5 a6 8.
Na3 b5 9. Bxf6 gxf6 10. Nd5 f5 11. Bd3 Be6 12. O-O Bxd5 13. exd5 Ne7 14. c3 Bg7
15. Qh5 e4 16. Bc2 O-O 17. Rae1 Rb8 18. Kh1 Qc8 19. f3 b4 20. cxb4 Bxb2 21.
fxe4 Bxa3 22. Bb1 f6 23. Rf3 Bc1 24. exf5 Rb7 25. Rh3 Rf7 26. Qg4+ Rg7 27. Qe4
Bg5 28. Rf3 Rc7 29. Bd3 Rc1 30. Rxc1 Qxc1+ 31. Rf1 Qe3 32. Qc4 h5 33. Qxa6 Kh7
34. Qc4 Qe5 35. Be4 Bf4 36. g3 Be3 37. Bg2 Rg4 38. Qc7 Rxb4 39. Qd7 Rb2 40. Qe8
Kg7 41. Qxh5 Rxa2 42. Qg4+ Kf8 43. Rb1 Ra1 44. Qd1 Rxb1 45. Qxb1 Nxf5 46. Bf3
Nd4 47. Qb8+ Kg7 48. Qb7+ Kg6 49. Bg2 Bf2 50. Qb1+ f5 51. g4 Qe1+ 52. Qxe1 Bxe1
53. gxf5+ Nxf5 54. Be4 Kf6 55. Kg2 Ke5 56. Bb1 Ne3+ 57. Kf3 Nxd5 58. Be4 Nc3
59. Bb7 d5 60. Bxd5 Nxd5 61. h4 Bxh4 62. Kg4 Bd8 63. Kf3 Kf5 64. Kg3 Ke4 65.
Kf2 Bh4+ 66. Kg2 Nf4+ 67. Kh2 Kf3 68. Kg1 Nd3 69. Kh2 Nf2 70. Kg1 Bg3 71. Kf1
Bh2 72. Ke1 Bf4 73. Kf1 Ne4 74. Kg1 Be3+ 75. Kh1 Bf4 76. Kg1 Bg3 77. Kh1 Nf2+
78. Kg1 Be5 79. Kf1 Bh2 80. Ke1 Bf4 81. Kf1 Nh3 82. Ke1 Be3 83. Kf1 Nf4 84. Ke1
Ke4 85. Kf1 Bd4 86. Ke1 Kd3 87. Kf1 Ke3 88. Kg1 1/2-1/2

[Event "2. Bundesliga West 2004/2005"]
[Site "?"]
[Date "2005.03.04"]
[Round "9"]
[White "Atlas, Dimitry"]
[Black "Ager, Josef"]
[Result "1/2-1/2"]
[WhiteElo "2286"]
[BlackElo "2222"]
[PlyCount "56"]
[EventDate "2005.03.05"]
[SourceDate "2005.03.05"]

1. e4 Nf6 2. Nc3 d5 3. exd5 Nxd5 4. d4 Bf5 5. Bc4 c6 6. Nge2 e6 7. Bd3 Bxd3 8.
Qxd3 Nb4 9. Qd1 Nd7 10. O-O Be7 11. Ne4 Nf6 12. Nxf6+ Bxf6 13. c4 O-O 14. Qb3
c5 15. dxc5 Na6 16. Qxb7 Nxc5 17. Qf3 Qa5 18. Ng3 Rab8 19. Nh5 Be5 20. Bf4 Bxf4
21. Qxf4 Nd7 22. Rad1 Qxh5 23. Rxd7 Rxb2 24. Rxa7 Qc5 25. Rc7 Qb4 26. a3 Qxa3
27. c5 Rc2 28. c6 Qc5 1/2-1/2

[Event "2. Bundesliga West 2004/2005"]
[Site "?"]
[Date "2005.03.04"]
[Round "9"]
[White "Hackbarth, Wolfgang"]
[Black "Burschowsky, M."]
[Result "0-1"]
[WhiteElo "2137"]
[BlackElo "2164"]
[PlyCount "60"]
[EventDate "2005.??.??"]

1. c4 Nf6 2. d4 c5 3. d5 b5 4. cxb5 a6 5. bxa6 Bxa6 6. Nc3 g6 7. e4 Bxf1 8.
Kxf1 d6 9. g4 Bg7 10. h4 h5 11. gxh5 Nxh5 12. Qg4 Nd7 13. f4 Bxc3 14. bxc3 Ndf6
15. Qg2 Nxe4 16. Ne2 Nhf6 17. Qf3 Qd7 18. Qd3 Qg4 19. a4 Rxh4 20. Rxh4 Qxh4 21.
Be3 Qh1+ 22. Bg1 c4 23. Qd4 Nxd5 24. Ke1 Ndxc3 25. Nxc3 Nxc3 26. Kd2 Rxa4 27.
Rxa4 Nxa4 28. Qa7 Qd5+ 29. Kc2 Nc5 30. Qa8+ Qxa8 0-1

[Event "2. Bundesliga West 2004/2005"]
[Site "?"]
[Date "2005.03.04"]
[Round "9"]
[White "Dovzik, Juri"]
[Black "Bezold, Michael"]
[Result "1/2-1/2"]
[WhiteElo "2434"]
[BlackElo "2532"]
[PlyCount "34"]
[EventDate "2005.??.??"]

1. e4 g6 2. d4 Bg7 3. Nc3 d6 4. Be3 a6 5. Qd2 Nd7 6. a4 b6 7. f3 c5 8. Nh3 cxd4
9. Bxd4 Bxd4 10. Qxd4 Ngf6 11. Be2 Bb7 12. O-O Rc8 13. Rad1 Rc5 14. Nf2 Qc7 15.
Ng4 O-O 16. Ne3 Re8 17. Na2 Ra5 1/2-1/2

[Event "2.Bundesliga West 2004/2005"]
[Site "?"]
[Date "2005.03.04"]
[Round "?"]
[White "Braun, Arik"]
[Black "Zoltan, Medvegy"]
[Result "1/2-1/2"]
[WhiteElo "2473"]
[BlackElo "2456"]
[PlyCount "40"]
[EventDate "2005.??.??"]

1. d4 Nf6 2. c4 e6 3. Nc3 Bb4 4. e3 c5 5. Bd3 O-O 6. Nf3 d5 7. O-O cxd4 8. exd4
dxc4 9. Bxc4 Nbd7 10. Bg5 b6 11. Ne5 Bb7 12. Qa4 Bxc3 13. Nxd7 Qxd7 14. Qxd7
Nxd7 15. bxc3 Rfc8 16. Bb5 Nf6 17. Bxf6 gxf6 18. Rfc1 Rc7 19. a4 Rac8 20. Ra3
Rd8 1/2-1/2